000 01001nam a2200241Ia 4500
003 Ost
005 20260507075801.0
008 260507s9999||||xx |||||||||||||| ||und||
020 _a996103195
040 _cfsecg
041 _aara
082 _a346.07
100 _aعليوش، قربوع كمال
_eمؤلف
245 0 _aقانون الاستثمارات في الجزائر /
_c قربوع كمال عليوش
260 _aالجزائر :
_bديوان المطبوعات الجامعية,
_c1999
300 _a208 صفحة؛
_bإيضاحات ؛
_c22 سم
504 _aالملاحق ص.128 بيبليوغرافيا: ص ص195-197
520 _aيهتم بدراسة مفهوم الاستثمار وقانون ترقية الاستثمار ، الإتفاقيات المبرمة في مجال الاستثمارات.
653 _aالاستثمارات
653 _aالقانون التجاري
653 _aالقانون التجاري- الجزائر
942 _cكتاب
999 _c46275
_d46275